000 02354cam a22003734a 4500
001 14923865
005 20070720121437.0
008 070711s2008 njua |rb 001 0 eng
010 _a 2007277701
020 _a9780135064801
020 _a0135064805
040 _aDLC
_cDLC
_dDLC
050 0 0 _aRM301
_b.A32 2008
082 0 0 _a615.1
_222
_bADA
100 1 _aAdams, Michael,
_d1951-
_912589
245 1 0 _aPharmacology for Nurses :
_ba pathophysiologic approach /
_cMichael Patrick Adams, Leland Norman Holland, Jr., Paula Manuel Bostwick.
250 _a2nd ed.
260 _aUpper Saddle River, N.J. :
_bPearson/Prentice Hall, 2009
_cc2009
300 _axxx, 910 p. :
_bcol. ill. ;
_c28 cm. +
_e1 CD-ROM (4 3/4 in.)
504 _aIncludes bibliographical references (p. 803-817) and index.
538 _aSystem requirements for accompanying disk: Windows 98 or newer and Macintosh 9.X and OSX.
650 0 _aPharmacology.
_912590
650 0 _aNurses.
_912591
700 1 _aHolland, Leland Norman,
_d1957-
_912592
700 1 _aBostwick, Paula Manuel.
_912593
942 _2ddc
_cBB
999 _c10918
_d10918